Aggregation and Representation of Preferences Introduction Mathematical Theory of Democracy

Guardado en:
Detalles Bibliográficos
Autor principal: Tanguiane, Andranick S.
Formato: Libro
Lenguaje:inglés
Publicado: Berlin Springer 1991
Edición:1. ed.
Etiquetas: Agregar Etiqueta
Sin Etiquetas, Sea el primero en etiquetar este registro!

MARC

LEADER 00000nam a2200000 4500
001 c022435
005 20221214093055.1
041 0 |a eng 
044 |a DE 
245 1 0 |a Aggregation and Representation of Preferences  |b Introduction Mathematical Theory of Democracy  |c Andranick S. Tanguiane 
250 |a 1. ed. 
264 1 |a Berlin  |b Springer  |c 1991 
300 |a 331 s. 
100 1 |a Tanguiane, Andranick S.